[Event "IECC CL4-2000.33"]
[Site "IECC email"]
[Date "1999.07.28"]
[Round "?"]
[White "Muhammad, Nayeem Syed"]
[Black "Schalkwijk, Peter H"]
[Result "0-1"]
[WhiteElo "1758"]
[BlackElo "1785"]
[PlyCount "42"]
[EventDate "2000.??.??"]
[EventType "tourn (corr)"]
[EventRounds "4"]
[SourceTitle "Corr 2008"]
[Source "ChessBase"]
[SourceDate "2008.06.24"]
[SourceVersion "1"]
[SourceVersionDate "2008.06.24"]
[SourceQuality "1"]

1. d4 d5 2. c4 e5 3. e3 exd4 4. exd4 Nf6 5. Nf3 Be7 6. c5 b6 7. b4 a5 8. Bd2 axb4 9. Bxb4 0-0 10. Qb3 Re8 11. Be2 Ba6 12. Nc3 bxc5 13. dxc5 Bxe2 14. Nxe2 Na6 15. Qc3 Ne4 16. Qb2 Bf6 17. Nfd4 Nxb4 18. Qxb4 Rb8 19. Qxb8 Qxb8 20. 0-0 Nd2 21. Rfd1 Qb2 0-1